书目信息 |
| 题名: |
现代天体物理
|
|
| 作者: | 陆埮 主编 | |
| 分册: | 上 | |
| 出版信息: | 北京 北京大学出版社 2014.11 |
|
| 页数: | 11,360页 | |
| 开本: | 23cm | |
| 丛书名: | 中外物理学精品书系 | |
| 单 册: | ||
| 中图分类: | P14 | |
| 科图分类: | ||
| 主题词: | 天体物理学 | |
| 电子资源: | ||
| ISBN: | 978-7-301-25061-7 | |
| 000 | 00959oam2 2200277 450 | |
| 001 | 0120141451439 | |
| 005 | 20170418153323.03 | |
| 010 | @a978-7-301-25061-7@dCNY122.00 | |
| 100 | @a20141230d2014 em y0chiy0110 ea | |
| 101 | 0 | @achi |
| 102 | @aCN@b110000 | |
| 105 | @aak z 000yy | |
| 106 | @ar | |
| 200 | 1 | @a现代天体物理@9xian dai tian ti wu li@h上@f陆埮主编 |
| 210 | @a北京@c北京大学出版社@d2014.11 | |
| 215 | @a11,360页@c图@d23cm | |
| 225 | 2 | @a中外物理学精品书系@i前沿系列@v34 |
| 300 | @a国家出版基金项目 | |
| 330 | @a本书分为宇宙学、星系、银河系、恒星四章。主要内容包括:绪论;宇宙学与粒子物理;大爆炸宇宙学;暴胀宇宙学;宇宙加速膨胀和暗能量;暗物质及其实验搜寻;宇宙动力学和热力学的关系等。 | |
| 333 | @a高校相关专业师生 | |
| 462 | 0 | @12001 @a中外物理学精品书系@i前沿系列@v34 |
| 606 | 0 | @a天体物理学 |
| 690 | @aP14@v5 | |
| 701 | 0 | @a陆埮@9lu tan@f(1932-)@4主编 |
| 801 | 0 | @aCN@b人天书店@c20141230 |
| 905 | @b987149-51@dP14@e191:1@f3 | |
| 现代天体物理.上/陆埮主编.-北京:北京大学出版社,2014.11 |
| 11,360页:图;23cm.-(中外物理学精品书系.前沿系列;34) |
| 国家出版基金项目.-使用对象:高校相关专业师生 |
| ISBN 978-7-301-25061-7:CNY122.00 |
| 本书分为宇宙学、星系、银河系、恒星四章。主要内容包括:绪论;宇宙学与粒子物理;大爆炸宇宙学;暴胀宇宙学;宇宙加速膨胀和暗能量;暗物质及其实验搜寻;宇宙动力学和热力学的关系等。 |
| ● |
| 相关链接 |
|
|
|
|
正题名:现代天体物理
索取号:P14/191:1
 
预约/预借
| 序号 | 登录号 | 条形码 | 馆藏地/架位号 | 状态 | 备注 |
| 1 | 987149 | 209871496 | 第二样本阅览室/ [索取号:P14/191:1] | 在馆 | |
| 2 | 987150 | 209871502 | 密集书库-物理学院/ [索取号:P14/191:1] | 在馆 | |
| 3 | 987151 | 209871511 | 第三借阅区/ [索取号:P14/191:1] | 在馆 |